<?xml version="1.0" encoding="UTF-8"?>
<collection xmlns:xsi="http://www.w3.org/2001/XMLSchema-instance" xsi:schemaLocation="http://www.loc.gov/MARC21/slim http://www.loc.gov/standards/marcxml/schema/MARC21slim.xsd" xmlns="http://www.loc.gov/MARC21/slim">
 <record>
  <leader>00000caa a22000003a 4500</leader>
  <controlfield tag="001">UP-8027390931312542022</controlfield>
  <controlfield tag="003">Buklod</controlfield>
  <controlfield tag="005">20200624133804.0</controlfield>
  <controlfield tag="006">o--- |     ||   ||</controlfield>
  <controlfield tag="007">ta</controlfield>
  <controlfield tag="008">200624s        xx     d     r    |||| u|</controlfield>
  <datafield tag="035" ind1=" " ind2=" ">
   <subfield code="a">(iLib)UPCEB-00011920521</subfield>
  </datafield>
  <datafield tag="040" ind1=" " ind2=" ">
   <subfield code="a">edz</subfield>
  </datafield>
  <datafield tag="041" ind1=" " ind2=" ">
   <subfield code="a">eng</subfield>
  </datafield>
  <datafield tag="100" ind1="1" ind2=" ">
   <subfield code="a">Barret, Lisa Feldman</subfield>
  </datafield>
  <datafield tag="245" ind1="0" ind2="4">
   <subfield code="a">Interoceptive Sensitivity and Self-Reports of Emotional Differences. (article).</subfield>
  </datafield>
  <datafield tag="300" ind1=" " ind2=" ">
   <subfield code="a">pp.684-697.</subfield>
  </datafield>
  <datafield tag="520" ind1=" " ind2=" ">
   <subfield code="a">People differ in the extent to which they emphasized feelings of activation or deactivation in their verbal reports of experienced emotion, termed arousal focus (AF). Two multimethod studies indicate that AF is linked to heightened interoceptive sensitivity (as measured by performance on a heartbeat  detection task). People who were more sensitive to their heartbeats emphasized feelings or activation and deactivation when reporting their experiences of emotion over time more than did those who were less sensitive. This relationship was not accounted for by several other variables, including simple language effects. Implications for the role of  interoception in experienced emotion and the validity of self-reported emotion are discussed. -- (from the author). -- (from the author).</subfield>
  </datafield>
  <datafield tag="650" ind1="1" ind2="7">
   <subfield code="a">Psychology-Periodicals.</subfield>
  </datafield>
  <datafield tag="773" ind1="0" ind2=" ">
   <subfield code="a">Journal of Personality and Social Psychology.</subfield>
   <subfield code="g">vol. 87, (5),  2004.</subfield>
  </datafield>
  <datafield tag="942" ind1=" " ind2=" ">
   <subfield code="a">Analytics</subfield>
  </datafield>
 </record>
</collection>
